000 00415nam a2200169Ia 4500
008 090711s9999 xx 000 0 und d
082 _b24849
100 _aराजे शैलजा
245 _aशर्थ
260 _c1971
300 _a91
600 _aराजे शैलजा
630 _aशर्थ
700 _aराजे शैलजा
730 _aशर्थ
942 _cBOOK
999 _c315959
_d315959